The cancer journals /

Bibliographic Details
Main Author: Lorde, Audre
Format: eBook
Language:English
Published: San Francisco, CA : Aunt Lute Books, [1990?]
Edition:2nd ed.
Series:Black women writers series.
Subjects:
Online Access:Connect to the full text of this electronic book

MARC

Tag First Indicator Second Indicator Subfields
LEADER 00000cam a22000007i 4500
001 in00002500521
005 20190327173539.0
006 m||||||||d||||||||
007 cr |n ---||a|a
008 811007s1990 cau s 000|0aeng d
035 |9 FHJ4269YL 
035 |a (VaAlASP)ASP1000056519/blww 
040 |a CtY  |c CtY  |d VaAlASP  |d UtOrBLW 
043 |a n-us--- 
100 1 |a Lorde, Audre. 
245 1 4 |a The cancer journals /  |c Audre Lorde. 
250 |a 2nd ed. 
264 1 |a San Francisco, CA :  |b Aunt Lute Books,  |c [1990?] 
264 4 |c ©1990 
300 |a 77 pages ; 21 cm. 
336 |a text  |b txt  |2 rdacontent 
337 |a computer  |b c  |2 rdamedia 
338 |a online resource  |b cr  |2 rdacarrier 
533 |a Electronic reproduction.  |b Alexandria, VA :  |c Alexander Street Press,  |d 2006.  |f (Black women writers).  |n Available via World Wide Web. 
500 |a Electronic resource. 
600 1 0 |a Lorde, Audre. 
650 0 |a Breast  |x Cancer  |z United States  |v Biography. 
650 0 |a Poets, American  |y 20th century  |v Biography. 
655 0 |a Electronic books. 
776 1 |c Original  |z 1879960265  |w (CtY) 80053110  
830 0 |a Black women writers series. 
856 4 0 |z Connect to the full text of this electronic book  |u http://proxy.library.tamu.edu/login?url=http://www.aspresolver.com/aspresolver.asp?BLWW;1000056519  |t 0 
999 |a MARS 
999 f f |s 11ccb32e-d3d9-3244-bae2-1077d96be38c  |i cd549008-2161-3719-89a3-648bab212436  |t 0 
952 f f |a Texas A&M University  |b College Station  |c Electronic Resources  |d Available Online  |t 0  |h No information provided 
998 f f |t 0  |l Available Online